ក្រពើសច្ចធម៏ និងព្រះមហាពោធិសត្វ / (Record no. 4456)

MARC details
000 -LEADER
fixed length control field 02455nam a22003137a 4500
001 - CONTROL NUMBER
control field 4456
003 - CONTROL NUMBER IDENTIFIER
control field FISKH
005 - DATE AND TIME OF LATEST TRANSACTION
control field 20250822081039.0
008 - FIXED-LENGTH DATA ELEMENTS--GENERAL INFORMATION
fixed length control field 240910b cb ||||| |||| 00| 0 eng d
020 ## - INTERNATIONAL STANDARD BOOK NUMBER
International Standard Book Number 9789996357817
040 ## - CATALOGING SOURCE
Original cataloging agency FISKH
Language of cataloging Khmer
Transcribing agency FISKH
Modifying agency FISKH
050 ## - LIBRARY OF CONGRESS CALL NUMBER
Classification number PZ7
082 ## - DEWEY DECIMAL CLASSIFICATION NUMBER
Classification number 200
100 ## - MAIN ENTRY--PERSONAL NAME
Personal name Kryle, Marilyn
Relator term author
245 ## - TITLE STATEMENT
Title ក្រពើសច្ចធម៏ និងព្រះមហាពោធិសត្វ /
Statement of responsibility, etc. ចងក្រងដោយ ម៉ារីលឺន គ្រីឡេ : រចនារូបភាពដោយ : ប្រេនឌិន វិនសាល
250 ## - EDITION STATEMENT
Edition statement បោះពុម្ពលើកទី១ : ឆ្នាំ ២០១០
260 ## - PUBLICATION, DISTRIBUTION, ETC.
Place of publication, distribution, etc. ភ្នំពេញ :
Name of publisher, distributor, etc. អង្គការសត្វព្រៃនិងរុក្ខជាតិអន្តរជាតិ កម្មវិធីប្រចាំប្រទេសកម្ពុជា ;
Date of publication, distribution, etc. 2010​ .
300 ## - PHYSICAL DESCRIPTION
Extent 31 unnumbered pages :
Other physical details color illustrations ;
Dimensions 30 cm .
505 ## - FORMATTED CONTENTS NOTE
Formatted contents note Q <br/>
520 ## - SUMMARY, ETC.
Summary, etc. មានក្សត្រាមួយអង្គព្រះនាម​ សិទ្ធត្ថគោត្តម ទ្រង់ជាក្សត្រដែលមានព្រះទ័យទូលាយ តែទ្រង់មិនសប្បាយព្រះហប្ញទ័យឡើយ ដោយសារតែទ្រងើបានទតឃើញមានទុក្ខសោកវេទនា​ជាច្រើននោក្នុងចក្រវាឡ៏នេះ ។​ ព្រះអង្គបានសិក្សាអស់រយះពេលជាច្រើនឆ្នាំជាមួយនឺងគ្រូធំៗ ដើម្បីស្វែងរកផ្លូវអោយមនុស្សលោកចៀសផុតពីសេចក្តីទុក្ខ និងការឈីចាប់ ។​
520 ## - SUMMARY, ETC.
Summary, etc. There was a king named Sith Kottam, he was a generous king, but he was not happy because he saw so much misery in this universe. He studied for a long time. Many years with great teachers to find a way for people to avoid suffering and persecution.
521 8# - TARGET AUDIENCE NOTE
Target audience note 660 <br/>
Source Lexile estimate <br/>
521 8# - TARGET AUDIENCE NOTE
Target audience note Q <br/>
Source Raz-Plus <br/>
650 ## - SUBJECT ADDED ENTRY--TOPICAL TERM
Topical term or geographic name entry element ក្រពើសច្ចធម៏
650 ## - SUBJECT ADDED ENTRY--TOPICAL TERM
Topical term or geographic name entry element Crocodile Truth
700 ## - ADDED ENTRY--PERSONAL NAME
Personal name Vinsal , Brandin
Relator term អ្នករចនារូបភាព
942 ## - ADDED ENTRY ELEMENTS (KOHA)
Source of classification or shelving scheme Dewey Decimal Classification
Koha item type Khmer Books
Suppress in OPAC No
Holdings
Withdrawn status Lost status Source of classification or shelving scheme Damaged status Not for loan Collection Home library Current library Shelving location Date acquired Total Checkouts Full call number Barcode Date last seen Copy number Price effective from Koha item type
    Dewey Decimal Classification     Khmer Language Books / សៀវភៅភាសាខ្មែរ Footprints International School Library Network Toul Kork Campus Footprints International School Library Network Toul Kork Campus TK Old Khmer Books (Rear Hallway Shelf 3) 10/20/2025   KRY PZ7 200 FISTK03507 10/20/2025 4 10/20/2025 Khmer Books
    Dewey Decimal Classification     Khmer Language Books / សៀវភៅភាសាខ្មែរ Footprints International School Library Network Toul Tom Poung Campus Footprints International School Library Network Toul Tom Poung Campus TTP Secondary Khmer Bookshelves 09/10/2024   KRY PZ7 200 FIS05127 09/10/2024 1 09/10/2024 Khmer Books
    Dewey Decimal Classification     Khmer Language Books / សៀវភៅភាសាខ្មែរ Footprints International School Library Network Toul Tom Poung Campus Footprints International School Library Network Toul Tom Poung Campus TTP Secondary Khmer Bookshelves 09/10/2024   KRY PZ7 200 FIS05128 05/26/2025 2 09/10/2024 Khmer Books
    Dewey Decimal Classification     Khmer Language Books / សៀវភៅភាសាខ្មែរ Footprints International School Library Network Toul Tom Poung Campus Footprints International School Library Network Toul Tom Poung Campus TTP Secondary Khmer Bookshelves 10/09/2025   KRY PZ7 200 FIS05129 10/09/2025 3 10/09/2025 Khmer Books